<?xml version="1.0" encoding="UTF-8"?>
<marc:record xmlns:marc="http://www.loc.gov/MARC21/slim">
   <marc:leader>00000nam a2200000 a 4500</marc:leader>
   <marc:datafield ind1="1" ind2=" " tag="100">
      <marc:subfield code="a">Moore, Peter</marc:subfield>
      <marc:subfield code="4">aut</marc:subfield>
      <marc:subfield code="e">Verfasser/-in</marc:subfield>
   </marc:datafield>
   <marc:datafield ind1=" " ind2=" " tag="653">
      <marc:subfield code="a">Buch Einsichten Religion</marc:subfield>
   </marc:datafield>
   <marc:datafield ind1=" " ind2=" " tag="653">
      <marc:subfield code="a">Mensch sein</marc:subfield>
   </marc:datafield>
   <marc:datafield ind1=" " ind2=" " tag="653">
      <marc:subfield code="a">Mensch werden</marc:subfield>
   </marc:datafield>
   <marc:datafield ind1=" " ind2=" " tag="653">
      <marc:subfield code="a">Ziel Religion</marc:subfield>
   </marc:datafield>
   <marc:datafield ind1=" " ind2=" " tag="653">
      <marc:subfield code="a">religiöser Mensch</marc:subfield>
   </marc:datafield>
   <marc:datafield ind1=" " ind2=" " tag="653">
      <marc:subfield code="a">Glaube</marc:subfield>
   </marc:datafield>
   <marc:datafield ind1=" " ind2=" " tag="653">
      <marc:subfield code="a">Buch Sinn Religion</marc:subfield>
   </marc:datafield>
   <marc:datafield ind1=" " ind2=" " tag="653">
      <marc:subfield code="a">Sinnsuche Glaube</marc:subfield>
   </marc:datafield>
   <marc:datafield ind1=" " ind2=" " tag="653">
      <marc:subfield code="a">religiöse Tradition wiederentdecken</marc:subfield>
   </marc:datafield>
   <marc:datafield ind1=" " ind2=" " tag="653">
      <marc:subfield code="a">Buch neues Wege Religion</marc:subfield>
   </marc:datafield>
   <marc:datafield ind1=" " ind2=" " tag="653">
      <marc:subfield code="a">Buch neues Denken Religion</marc:subfield>
   </marc:datafield>
   <marc:datafield ind1=" " ind2=" " tag="653">
      <marc:subfield code="a">Softcover / Sachbücher/Philosophie</marc:subfield>
   </marc:datafield>
   <marc:datafield ind1=" " ind2=" " tag="653">
      <marc:subfield code="a">Religion</marc:subfield>
   </marc:datafield>
   <marc:datafield ind1="0" ind2="0" tag="245">
      <marc:subfield code="a">Die Neuerfindung der Religion</marc:subfield>
   </marc:datafield>
   <marc:datafield ind1="0" ind2="0" tag="245">
      <marc:subfield code="b">Jenseits von Glaube und Skeptizismus</marc:subfield>
   </marc:datafield>
   <marc:datafield ind1="0" ind2="0" tag="245">
      <marc:subfield code="c">Peter Moore</marc:subfield>
   </marc:datafield>
   <marc:datafield ind1=" " ind2="1" tag="264">
      <marc:subfield code="a">Zürich</marc:subfield>
      <marc:subfield code="b">Midas Management</marc:subfield>
      <marc:subfield code="c">2021</marc:subfield>
   </marc:datafield>
   <marc:datafield ind1="1" ind2=" " tag="490">
      <marc:subfield code="a">Midas Sachbuch</marc:subfield>
   </marc:datafield>
   <marc:datafield ind1="1" ind2=" " tag="520">
      <marc:subfield code="a">Angaben aus der Verlagsmeldung

Die Neuerfindung der Religion : Jenseits von Glaube und Skeptizismus / von Peter Moore

»Die Neuerfindung der Religion« wird sowohl überzeugte Säkularisten als auch leidenschaftliche Gläubige irritieren. Aber für die meisten Menschen, die irgendwo dazwischen stehen, wird dieses Buch eine sehr anregende und erhellende Lektüre sein, denn Peter Moore meidet jede Art von Dogmatismus und bietet Einsichten über Religion, die sowohl subtil als auch intuitiv sind. Er räumt die vorhandenen Klischees beiseite und zeigt einen überzeugenden Weg auf für das wirklich freie Miteinander-Sprechen über Religion.

Viele von uns, Befürworter und Kritiker gleichermaßen, machen häufig Annahmen über Religion. Wir nehmen vielleicht an, dass es bei Religion hauptsächlich darum geht, einen festen Glauben zu haben oder ein guter Mensch zu sein, oder dass religiöse Menschen sich eher mit spirituellen Dingen beschäftigen oder dass religiöse Ideen und Praktiken irgendwie zeitlos sein sollen. Solche Ansichten, so argumentiert Peter Moore, verdunkeln nur, dass Religion im Wesentlichen das Streben der Menschheit ist, ganz und gar menschlich zu werden.

Diese erhellende Darstellung stellt unser Verständnis von Glauben in Frage und plädiert dafür, dass Religionen offen dafür bleiben sollten, sich neu zu erfinden, sowohl praktisch wie intellektuell vernachlässigte Traditionen wiederzuentdecken, und neue Wege nach vorne zu finden.

Mit Feinsinn und Leidenschaft geschrieben, trifft dieses Buch den Kern der laufenden Debatten über die Gültigkeit und den Sinn von Religion.
</marc:subfield>
   </marc:datafield>
   <marc:datafield ind1=" " ind2=" " tag="020">
      <marc:subfield code="a">9783038765486</marc:subfield>
      <marc:subfield code="9">9783038765486</marc:subfield>
   </marc:datafield>
   <marc:datafield ind1=" " ind2=" " tag="020">
      <marc:subfield code="a">3038765481</marc:subfield>
      <marc:subfield code="9">3038765481</marc:subfield>
   </marc:datafield>
   <marc:datafield ind1=" " ind2=" " tag="041">
      <marc:subfield code="a">ger</marc:subfield>
   </marc:datafield>
   <marc:datafield ind1=" " ind2=" " tag="300">
      <marc:subfield code="a">288 Seiten</marc:subfield>
   </marc:datafield>
</marc:record>
